Palau Güell : plànol de la visita (Català) plànol de la visita (Català)
Descripción Física:
23 p. : il. col. ; 21 cm
Materias:
Palau Güell (Barcelona)
MARC
| LEADER | 00000nam a2200000Ia 4500 | ||
|---|---|---|---|
| 001 | 23709 | ||
| 008 | 160829s2012 xx 000 0 cat d | ||
| 080 | |a FU-62-11 | ||
| 245 | |a Palau Güell : |b plànol de la visita (Català) | ||
| 260 | |a Barcelona : |b Diputació de Barcelona, |c 2012 | ||
| 300 | |a 23 p. : |b il. col. ; |c 21 cm | ||
| 590 | |a Text en català. Hi ha un altre exemplar en castellà amb R. 23710, en italià amb R.23713, en alemany amb R. 23714, en anglès amb R.23715, en portuguès amb R.23716, en francès amb R. 23717 i en japonès amb R. 23718 | ||
| 610 | 2 | 0 | |a Palau Güell (Barcelona) |9 17034 |
| 710 | 1 | |a Barcelona (Catalunya : Província). |b Diputació |9 52408 | |
| 901 | |a Arxiu | ||
| 942 | |n 1 | ||
| 952 | |0 0 |1 0 |4 0 |6 FU6211 |7 1 |9 55858 |a Arxiu |b Arxiu |d 2016-12-01 |l 0 |o FU-62-11 |p 23709 |r 2016-12-01 00:00:00 |w 2016-12-01 |y ARXIU | ||
| 999 | |c 59731 |d 59731 | ||